| 000 | 00494nam a22001817a 4500 | ||
|---|---|---|---|
| 003 | NUST - PNEC | ||
| 005 | 20170116181132.0 | ||
| 008 | 150423b xxu||||| |||| 00| 0 eng d | ||
| 020 | _a- | ||
| 040 | _cLIBRARY | ||
| 082 | _a909.6 MAN | ||
| 100 |
_93074 _aMahan, A. T. |
||
| 245 |
_aThe Influence of Sea Power Upon History, 1660-1783 _c A. T. Mahan |
||
| 260 |
_aLondon: _bUniversity Paper Back ; _cc.1890 |
||
| 300 | _a541 p. : | ||
| 650 |
_93077 _aSea- Power _xGeneral |
||
| 942 |
_2ddc _cBK |
||
| 999 |
_c70028 _d70028 |
||